IMD world competitiveness yearbook 2011

Salvato in:
Dettagli Bibliografici
Natura: Libro
Lingua:inglese
Pubblicazione: Lausanne IMD World Competitiveness Center 2011
Soggetti:
Tags: Aggiungi Tag
Nessun Tag, puoi essere il primo ad aggiungerne!!

MARC

LEADER 00000nam$a2200000$$$4500
001 0146005
005 20231114125328.9
020 |a 978-2-9700514-5-9 
020 |a 2-9700514-5-1 
022 |a 1026-2628 
041 0 |a eng 
044 |a CH 
245 1 0 |a IMD world competitiveness yearbook 2011 
264 1 |a Lausanne  |b IMD World Competitiveness Center  |c 2011 
300 |a 554 s. 
610 2 0 |a konkurencieschopnosť 
610 2 0 |a konkurencia 
610 2 0 |a výkonnosť 
610 2 0 |a výkonnosť ekonomiky 
610 2 0 |a infraštruktúra 
610 2 0 |a analýzy 
610 2 0 |a ukazovatele ekonomické 
610 2 0 |a údaje štatistické 
610 2 0 |a porovnanie medzinárodné